00334pab a2200133 454500008004000000100002700040245003200067260000900099300001500108362001200123650002000135650002700155773001800182180718b2010 xxu||||| |||| 00| 0 eng d aKujur, Joseph Marianus aCultural rights of Adivasis c2010 ap.323-338. aOct-Dec aCultural rights aIndigenous populations aSocial Action